Handbook for Incoming Guests Erasmus+
Salvato in:
| Altri autori: | , , |
|---|---|
| Natura: | Libro |
| Lingua: | inglese |
| Pubblicazione: |
Bratislava
University of Economics in Bratislava
2018
|
| Edizione: | 1st Edition |
| Soggetti: | |
| Tags: |
Nessun Tag, puoi essere il primo ad aggiungerne!!
|
MARC
| LEADER | 00000nam a2200000 4500 | ||
|---|---|---|---|
| 001 | 0248212 | ||
| 005 | 20240502073954.3 | ||
| 020 | |a 978-80-225-4517-4 | ||
| 041 | 0 | |a eng | |
| 044 | |a SK | ||
| 245 | 1 | 0 | |a Handbook for Incoming Guests |b Erasmus+ |c editors: Boris Mattoš, Simona Kosztanko, Miroslava Darnadiová |
| 250 | |a 1st Edition | ||
| 264 | 1 | |a Bratislava |b University of Economics in Bratislava |c 2018 | |
| 300 | |a 19 s. | ||
| 610 | 2 | 0 | |a študenti |
| 610 | 2 | 0 | |a cudzinci |
| 610 | 2 | 0 | |a pobyt cudzincov |
| 610 | 2 | 0 | |a štúdium vysokoškolské |
| 610 | 2 | 0 | |a univerzity |
| 610 | 2 | 0 | |a turistika |
| 610 | 2 | 0 | |a pamiatky |
| 610 | 2 | 0 | |a reštaurácie |
| 610 | 2 | 0 | |a Slovensko |
| 610 | 2 | 0 | |a Bratislava |
| 610 | 2 | 0 | |a Erasmus+ |
| 700 | 1 | |a Mattoš, Boris, 1977- | |
| 700 | 1 | |a Kosztanko, Simona, 1988- | |
| 700 | 1 | |a Darnadiová, Miroslava | |